Toy Story - You've Got a Friend in Me Lyrics - Statistics

General Stats
  • This quiz has been taken 1,148 times
  • The average score is 122 of 168
Answer Stats
Answer % Correct
a
99%
friend
99%
go
99%
I
99%
You
99%
you
99%
me
98%
got
97%
in
97%
You've
93%
you've
93%
the
83%
And
80%
and
80%
be
77%
your
73%
When
72%
miles
62%
old
61%
too
61%
what
61%
bed
60%
just
60%
nice
60%
said
60%
warm
60%
do
59%
from
59%
remember
59%
road
59%
ahead
57%
pal
57%
you're
57%
You're
57%
it
56%
Will
55%
will
55%
Yeah
52%
'em
51%
Boy
48%
boy
48%
rough
48%
We
48%
we
48%
never
46%
Our
46%
our
46%
Some
46%
by
45%
friendship
45%
looks
45%
see
45%
die
44%
am
43%
as
43%
years
43%
But
42%
for
42%
love
42%
stronger
42%
than
42%
them
41%
There
40%
troubles
40%
little
39%
smarter
39%
way
39%
folks
38%
might
38%
Bigger
37%
It's
37%
it's
37%
other
37%
of
36%
bit
35%
'Cause
34%
wouldn't
34%
anything
33%
ever
33%
isn't
33%
together
33%
through
32%
stick
31%
destiny
30%
none
29%
Maybe
28%
can
27%
gonna
22%
No matching quizzes found
Score Distribution
Percent of People with Each Score
Percentile by Number Answered
Your Score History
You have not taken this quiz